000 00235nam a22000857a 4500
008 160926b xxu||||| |||| 00| 0 eng d
100 _9740
_aKhandelwala.S.K.etal
245 _aEnglish Grammar-6
260 _aNew Delhi
_bAmanda Publications
_c2011
999 _c3397
_d3397